VLSI Handbook : Silicon, gallium arsenide, and superconductor circuits

Na minha lista:
Detalhes bibliográficos
Autor principal: Giacomo, Joseph Di
Formato: Livro
Idioma:Undetermined
Publicado em: New York McGraw-Hill Publishing Company [ 2000 ]
Assuntos:
Tags: Adicionar Tag
Sem tags, seja o primeiro a adicionar uma tag!
Thư viện lưu trữ: Trung tâm Học liệu Trường Đại học Cần Thơ
LEADER 00565nam a2200193Ia 4500
001 CTU_82579
008 210402s9999 xx 000 0 und d
082 |a 621.381 
082 |b G429 
100 |a Giacomo, Joseph Di 
245 0 |a VLSI Handbook : 
245 0 |b Silicon, gallium arsenide, and superconductor circuits 
245 0 |c Joseph Di Giacomo 
260 |a New York 
260 |b McGraw-Hill Publishing Company 
260 |c [ 2000 ] 
650 |a Integrated circuits 
904 |i QHieu(sửa) 
980 |a Trung tâm Học liệu Trường Đại học Cần Thơ